HS1 Quiz - Statistics

General Stats
  • This quiz has been taken 5 times
  • The average score is 9 of 10
Answer Stats
Harry Styles Answer % Correct
3. Carolina
100%
10. From the Dining Table
100%
1. Meet Me in the Hallway
100%
2. Sign of the Times
100%
4. Two Ghosts
100%
8. Ever Since New York
80%
7. Kiwi
80%
5. Sweet Creature
80%
6. Only Angel
60%
9. Woman
60%
No matching quizzes found
Score Distribution
Percent of People with Each Score
Percentile by Number Answered
Your Score History
You have not taken this quiz